Freewheeling : student's book 1 /

Guardado en:
Autor Principal: Barbisan, Carlos
Otros Autores: Rodriguez, María Sara
Formato: Libro
Publicado: Estados Unidos de América : Heinemann, 1991
Materias:
Etiquetas: Agregar Etiqueta
Sin Etiquetas, Sea el primero en etiquetar este registro!
LEADER 00514nam a22001815a 4500
001 CEM.cems007341
005 20060214000000.0
008 130507s1991##################000#0#####d
003 CEMS
082 0 4 |a 428.64 
100 1 |a Barbisan, Carlos 
245 1 0 |a Freewheeling :  |b student's book 1 / 
260 |a Estados Unidos de América :  |b Heinemann,  |c 1991 
300 |a 96 p. 
653 |a Ingles 
653 |a Ingles-textos 
700 1 |a Rodriguez, María Sara 
859 |a CEMS  |b BIB. CEMS - 11 de abril  |h 428.64  |i B234/I  |p 17186.93  |t Ej.1